La gimnasia aeróbica (Record no. 69507)

MARC details
000 -CABECERA
campo de control de longitud fija 00497nam a2200193 a 4500
005 - FECHA Y HORA DE LA ÚLTIMA TRANSACCIÓN
campo de control 20210219153141.0
008 - ELEMENTOS DE LONGITUD FIJA--INFORMACIÓN GENERAL
campo de control de longitud fija 991125n 000 0 spa u
035 ## - NÚMERO DE CONTROL DEL SISTEMA
Número de control de sistema UPN01000080372
100 ## - ASIENTO PRINCIPAL--NOMBRE PERSONAL
Nombre de persona DIAZ MARTÍNEZ, Ximena
222 ## - TÍTULO CLAVE
Título clave EDUCACION FISICA
245 ## - MENCIÓN DE TÍTULO
Título La gimnasia aeróbica
300 ## - DESCRIPCIÓN FÍSICA
Extensión 13-14
362 ## - FECHAS DE PUBLICACIÓN Y/O DESIGNACIÓN SECUENCIAL
Fecha de publicación y/o designación secuencial 1992 Año 63, no. 227 jun.
653 0# - TERMINO DE INDIZACION - NO CONTROLADO
Término no controlado CONDICION FISICA
653 0# - TERMINO DE INDIZACION - NO CONTROLADO
Término no controlado EJERCICIOS FISICOS
653 0# - TERMINO DE INDIZACION - NO CONTROLADO
Término no controlado GIMNASIA AEROBICA
904 ## - ELEMENTOS DE DATOS D LOCAL, LDD (RLIN)
a AC
b 018183
905 ## - TIPO DE MATERIAL
Tipo de material Articulo

No items available.